Top 30 Least Overweight Countries - Statistics

General Stats
  • This quiz has been taken 32 times
  • The average score is 21 of 30
Answer Stats
Obesity Rate Country % Correct
4.9% Japan
95%
5.3% Niger
90%
6.7% South Korea
90%
7.2% India
85%
4.4% Cambodia
80%
8.2% China
80%
5.8% Democratic Republic of the Congo
80%
7.8% Laos
80%
7.5% Myanmar
80%
2.1% Vietnam
80%
8.7% Philippines
75%
5.3% Bangladesh
70%
5.7% Chad
70%
2.4% Ethiopia
70%
8.3% Guinea
70%
6.4% Malawi
70%
8.8% Mozambique
70%
6.6% Nepal
70%
8% Republic of the Congo
70%
4.5% Burundi
65%
7.7% Central African Republic
65%
4.2% Eritrea
65%
4.6% Rwanda
65%
6.9% Uganda
65%
8.7% Senegal
60%
6.5% Sierra Leone
60%
9.4% Zambia
60%
3.8% Madagascar
50%
6.1% Burkina Faso
45%
2.2% East Timor
45%
No matching quizzes found
Score Distribution
Percent of People with Each Score
Percentile by Number Answered
Your Score History
You have not taken this quiz